| 000 | 01133nac a22002897a 4500 | ||
|---|---|---|---|
| 001 | BR8200508 | ||
| 003 | BR-BrBNA | ||
| 005 | 20240208153112.0 | ||
| 008 | 230509b bl.|||m| |||| 00| 0 por d | ||
| 040 |
_aBR-BrBNA _bpor _cBiblioteca Nacional de Agricultura |
||
| 072 | _aA50; A00; E30 | ||
| 090 |
_aA50 _bBR8200508 |
||
| 100 | 1 | _aAlves, Eliseu Roberto de Andrade | |
| 110 | 1 |
_aEmpresa Brasileira de Pesquisa Agropecuaria, Brasilia, DF. Depto. de Informacao e Documentacao _93872 |
|
| 245 | 1 | _aDesafios da pesquisa agricola no Brasil [Desenvolvimento economico] | |
| 246 | 1 | _a[Agricultural research challenges in Brazil [Economic development]] | |
| 260 | 3 |
_aBrasilia, DF (Brasil): _c1981. |
|
| 300 | _a32 p. | ||
| 490 |
_aDocumentos - Empresa Brasileira de Pesquisa Agropecuaria. Depto. de Informacao e Documentacao (Brazil) _vno. 14 |
||
| 500 | _a6 ref.; Title also in Spanish: "Desafios de la Investigacion Agricola en el Brasil" | ||
| 650 | _aPesquisa | ||
| 650 | _aAgricultura | ||
| 650 | _aDesenvolvimento economico | ||
| 650 | _aPesquisa agricola | ||
| 650 | _aPlanejamento de pesquisa | ||
| 942 |
_2AGRIS _n0 _cMS |
||
| 999 |
_c273721 _d273721 |
||